Menová kríza v Argentíne diplomová práca

Guardado en:
Detalles Bibliográficos
Autor principal: Kozáková, Alexandra
Autor Corporativo: Obchodná fakulta EU. Katedra medzinárodného obchodu
Otros Autores: Svobodová, Valéria
Formato: Libro
Lenguaje:eslovaco
Publicado: Bratislava 2009
Etiquetas: Agregar Etiqueta
Sin Etiquetas, Sea el primero en etiquetar este registro!

MARC

LEADER 00000nam$a2200000$$$4500
001 0100798
005 20240318133717.6
041 0 |a slo 
044 |a SK 
245 1 0 |a Menová kríza v Argentíne  |b diplomová práca  |c Alexandra Kozáková ; škol. Valéria Svobodová 
264 1 |a Bratislava  |c 2009 
300 |a 92 s. 
100 1 |a Kozáková, Alexandra 
700 1 |a Svobodová, Valéria 
710 2 |a Obchodná fakulta EU. Katedra medzinárodného obchodu